Responses for Show #7656 - Monday, December 18, 2017

Contestants

[<< previous game]

Kate O'Connor, an insurance salesperson from Florence, New Jersey

Ben Cosman, a research consultant from Rochester, New York

Denise Littlejohn, a project manager from West Hollywood, California (whose 1-day cash winnings total $21,601)

[next game >>]

Jeopardy! Round responses

ALLITERATION ALL AROUND
SPORT'S STUFF
COMPLETES THE NONFICTION TITLE
THE PERKS OF BEING A WILDFLOWER
MISCELLANY
GDANSK
(Sarah: A tour of a Polish city with deep German influence that made its mark on European history.)
    $200 18
dog days

Denise
    $200 7
(Ben: What is wrestling?)

boxing

DeniseBen
    $200 1
ISIS

Ben
    $200 24
a weed

Denise
    $200 11
paper

Ben
    $200 16
Solidarity

Denise
    $400 20
telephone tag

Denise
    $400 6
baseball

Denise
    $400 2
parachute

Ben
    $400 25
an orchid

Denise
    $400 12
Thomas Jefferson

Kate
    $400 17
Neptune

Ben
    $600 21
saddle sores

Denise
    $600 8
football

Kate
    $600 3
immortal

Ben
    $600 26
(Denise: What is an evergreen?)
(Alex: No, be more specific.)
(Denise: Sorry.)

perennial

Denise
    $600 15
autism

Denise
    $600 19
(Ben: What is Ghent?)

the Treaty of Versailles

Ben
Triple Stumper
    $800 22
a demolition derby

Kate
    $800 9
hockey

Ben
    $800 4
drinking

Kate
    $800 27
(Ben: What are buttercups?)

California poppies

Ben
Triple Stumper
    $800 14
(Alex: And Jumanji: Welcome to the Jungle opens this week.)

Jumanji

Denise
    $800 29
amber

Denise
    $1000 23
net neutrality

Ben
    $1000 10
(Ben: What is wrestling?)

bowling

Ben
Triple Stumper
    $1000 5
When Breath Becomes Air

Triple Stumper
    $1000 28
William Wordsworth

Triple Stumper
    $1000 13
Skylab

Triple Stumper
    $1000 30
Günter Grass

Triple Stumper

Scores at the first commercial break (after clue 15):

Denise Ben Kate
$2,000 $1,000 $1,800

Scores at the end of the Jeopardy! Round:

Denise Ben Kate
$4,200 $1,000 $2,600

Double Jeopardy! Round responses

VICE PRESIDENTS
CAMERAS
STATE FLAGS
THEIR CONCERT TOUR
PHILIP K. DICK
"ELECTRIC" DREAMS
    $400 1
break a tie

Ben
    $400 26
the flash

Ben
    $400 12
divided we fall

Ben
    $400 21
Beyoncé

Ben
    $400 13
science fiction

Ben
    $400 3
the electric chair

Kate
    $800 2
Al Gore

Denise
    $800 27
Polaroid

Ben
    $800 10
(Ben: What is Hawaii?)

Alaska

DeniseBen
    $800 22
The Rolling Stones

Denise
    $800 14
Blade Runner

Ben
    $800 11
General Electric

Kate
    $1200 4
George H.W. Bush

Kate
    $1200 28
a drone

Kate
    $1200 7
(Ben: What is Baltimore?)

the Calverts

BenKate
    $1200 23
Mariah Carey

Denise
    $1200 15
(Kate: What is Palo Alto?)

Berkeley

DeniseKate
    $1200 16
an electric eel

Ben
    $1600 5
George Clinton

Triple Stumper
    $1600 29
[The end-of-round signal sounds.]

the camera obscura

Triple Stumper
    $3,000 8
Michigan

Kate
    $1600 24
Phil Collins

Denise
    $800 17
"Minority Report"

Ben
    $1600 19
electric guitars

Ben
    $2000 6
John Nance Garner

Triple Stumper
    $2000 9
Delaware

Kate
    $2000 25
AC/DC

Ben
    $2000 18
The Man in the High Castle

Ben
    $2000 20
the electric slide

Ben

Scores at the end of the Double Jeopardy! Round:

Denise Ben Kate
$10,600 $12,200 $11,200

[wagering suggestions for these scores]

Final Jeopardy! Round responses

ART
(Alex: [To Denise] Grant Wood's famous work.)
DeniseWhat is American Gothic?
$7,000
KateWhat is American Gothic?
$9,800
BenWhat is Guernica?
$0
American Gothic

Final scores:

Denise Ben Kate
$17,600 $12,200 $21,000
2nd place: $2,000 3rd place: $1,000 New champion: $21,000

Game dynamics:

Coryat scores:

Denise Ben Kate
$11,200 $13,000 $9,800
17 R,
1 W
(including 1 DD)
20 R
(including 1 DD),
6 W
11 R
(including 1 DD),
1 W

Combined Coryat: $34,000

[game clues] [game scores] [suggest correction]

Game tape date: 2017-09-05
The J! Archive is created by fans, for fans. Scraping, republication, monetization, and malicious use prohibited; this site may use cookies and collect identifying information. See terms. The Jeopardy! game show and all elements thereof, including but not limited to copyright and trademark thereto, are the property of Jeopardy Productions, Inc. and are protected under law. This website is not affiliated with, sponsored by, or operated by Jeopardy Productions, Inc. Join the discussion at JBoard.tv.